| 000 | 00693nam a22002537a 4500 | ||
|---|---|---|---|
| 001 | BR7326335 | ||
| 003 | BR-BrBNA | ||
| 005 | 20240920114430.0 | ||
| 008 | 230509b bl.||||| |||| 00| 0 por d | ||
| 040 |
_aBR-BrBNA _bpor |
||
| 041 | _a(Por) | ||
| 072 |
_aC00 _b/G514 |
||
| 090 |
_aC00 _bBR7326335 |
||
| 100 | 1 | _aRocha, A. | |
| 110 | 1 |
_aUniversidade Rural, Itaguai, RJ (Brasil) _911296 |
|
| 245 | 1 | _aEstrutura e objetivos da Universidade Rural do Rio de Janeiro / | |
| 260 | 3 |
_aItaguai, RJ (Brasil): _c1962. |
|
| 300 | _a10 p. | ||
| 650 | _aENSINO AGRICOLA | ||
| 650 | _aRIO DE JANEIRO | ||
| 909 |
_a09/2024 _bSARAH |
||
| 942 | _cBK | ||
| 999 |
_c18522 _d18522 |
||